Electronic devices / (Record no. 151725)

MARC details
000 -LEADER
fixed length control field 00560nam a22001937a 4500
005 - DATE AND TIME OF LATEST TRANSACTION
control field 20180424123545.0
010 ## - LCCN (DPL NO)
LC control number ENG-122794
020 ## - INTERNATIONAL STANDARD BOOK NUMBER
International Standard Book Number 9789387432376
Terms of availability 425.00
020 ## - INTERNATIONAL STANDARD BOOK NUMBER
International Standard Book Number 9387432378
Terms of availability 425.00
035 ## - SYSTEM CONTROL NUMBER
System control number EN-106326
037 ## - SOURCE OF ACQUISITION
Source of stock number/acquisition DBAD/PUB
082 ## - DEWEY DECIMAL CLASSIFICATION NUMBER
Classification number 621.381
100 ## - MAIN ENTRY--PERSONAL NAME
Personal name Salivahanan S
245 ## - TITLE STATEMENT
Title Electronic devices /
Statement of responsibility, etc by S Salivahanan
260 ## - PUBLICATION, DISTRIBUTION, ETC. (IMPRINT)
Name of publisher, distributor, etc Tata McGraw Hill
Date of publication, distribution, etc 2018
Place of publication, distribution, etc New Delhi
270 ## - ADDRESS
Address P-24, Green Park Extnsion
City New Delhi
Postal code 110016
300 ## - PHYSICAL DESCRIPTION
Extent 253 p.
Dimensions 26 cm.(pbk)
Other physical details ill.
942 ## - ADDED ENTRY ELEMENTS (KOHA)
Source of classification or shelving scheme Dewey Decimal Classification
Item type English Books
Call number suffix SAI
Classification part 621.381
Holdings
Withdrawn status Lost status Not for loan Collection code Home library Current library Date acquired Source of acquisition Cost, normal purchase price Full call number Barcode Copy number Cost, replacement price Koha item type
    Not For Loan Non-fiction D.B.Act.Division Sarojini Nagar 24/04/2018 DBAD/PUB 425.00 621.381 SAI EN-106326 1 425.00 English Books

© Delhi Public Library
Hit Counter
free hit counter